<?xml version="1.0" encoding="UTF-8"?>
<record
    xmlns:xsi="http://www.w3.org/2001/XMLSchema-instance"
    xsi:schemaLocation="http://www.loc.gov/MARC21/slim http://www.loc.gov/standards/marcxml/schema/MARC21slim.xsd"
    xmlns="http://www.loc.gov/MARC21/slim">

  <leader>01680agaaa2200289   4500</leader>
  <controlfield tag="001">1620</controlfield>
  <controlfield tag="003">IT-RoPAU</controlfield>
  <controlfield tag="005">20220918181310.0</controlfield>
  <controlfield tag="007">d cvaizq</controlfield>
  <controlfield tag="008">50131s9999||||xx ||| |     ||   ||und||</controlfield>
  <datafield tag="040" ind1=" " ind2=" ">
    <subfield code="a">IT-RoPAU</subfield>
    <subfield code="c">IT-RoPAU</subfield>
  </datafield>
  <datafield tag="041" ind1=" " ind2=" ">
    <subfield code="a">ITALIANO</subfield>
  </datafield>
  <datafield tag="100" ind1=" " ind2=" ">
    <subfield code="a">Vidor King</subfield>
    <subfield code="g">Codice regista SPICS: 39</subfield>
    <subfield code="9">55964</subfield>
  </datafield>
  <datafield tag="130" ind1=" " ind2=" ">
    <subfield code="a">STREET SCENE (PALCOSCENICO SULLA STRADA)</subfield>
    <subfield code="9">55965</subfield>
  </datafield>
  <datafield tag="245" ind1=" " ind2=" ">
    <subfield code="a">STREET SCENE (PALCOSCENICO SULLA STRADA)</subfield>
    <subfield code="c">Prodotto da: Goldwin Samuel Diretto da: Vidor King</subfield>
    <subfield code="p">STREET SCENE (PALCOSCENICO SULLA STRADA) (Rif. Codice opera principale : 21620)</subfield>
  </datafield>
  <datafield tag="250" ind1=" " ind2=" ">
    <subfield code="a">Edizione Standard</subfield>
  </datafield>
  <datafield tag="260" ind1=" " ind2=" ">
    <subfield code="a">(USA)</subfield>
    <subfield code="b">GOLDWIN SAMUEL / Distribuzione: RAI</subfield>
    <subfield code="c">"1931 (1&#xB0; ed.: 1988 ; Ed. Lingua Orig.: 1931)"</subfield>
  </datafield>
  <datafield tag="300" ind1=" " ind2=" ">
    <subfield code="a">VHS</subfield>
    <subfield code="b">sonoro, b&amp;w</subfield>
    <subfield code="c">80 minuti</subfield>
  </datafield>
  <datafield tag="508" ind1=" " ind2=" ">
    <subfield code="a">"Fotografia: Barnes George; Montaggio: Bennett Hugh; "</subfield>
  </datafield>
  <datafield tag="511" ind1=" " ind2=" ">
    <subfield code="a">"Sidney Sylvia; Bondi Beulah; Collier William; Taylor Estelle; Montor Max"</subfield>
  </datafield>
  <datafield tag="520" ind1=" " ind2=" ">
    <subfield code="a">ALTRI-INTERPRETI: DAVID-LANDAU RUSSELL-HOPTON LOUIS-NATHEAUXESTATE E CALORI SONO NEL PIENO L'UNICA E' SCENDERE IN STRADA MAGARI FERMANDOSI SUGLI SCALINI ED E' QUELLO CHE FANNO GLI ABITANTI DI UN CASEGGIATO NEISOBBORGHI DI NEW YORK OGNUNO HA UNA STORIA DA RACCONTARE UN DISCORSO DA PROPORRE UN PETTEGOLEZZO DA RIFERIRE LO SPACCATO DA ANALIZZARE E' TUTTO LI' ASPIRAZIONI PROBLEMI DIFFERENZE IDEOLOGICHE FIN QUI TUTTO BENE MA ESPLODE UNDRAMMA DELLA GELOSIA LE SUE CONSEGUENZE FARANNO SOFFRIRE QUALCUNO FILM IN BIANCO E NERO</subfield>
  </datafield>
  <datafield tag="538" ind1=" " ind2=" ">
    <subfield code="a">PAL, STEREO</subfield>
  </datafield>
  <datafield tag="546" ind1=" " ind2=" ">
    <subfield code="a">ITALIANO</subfield>
  </datafield>
  <datafield tag="650" ind1=" " ind2=" ">
    <subfield code="a">DRAMMATICO</subfield>
    <subfield code="e">FILMS [VHS]</subfield>
    <subfield code="x">Codice MATERIA SPICS: 9960</subfield>
    <subfield code="9">34083</subfield>
  </datafield>
  <datafield tag="700" ind1=" " ind2=" ">
    <subfield code="a">Vidor King </subfield>
    <subfield code="e">(regista)</subfield>
    <subfield code="g">Codice regista SPICS: 39</subfield>
    <subfield code="9">55966</subfield>
  </datafield>
  <datafield tag="942" ind1=" " ind2=" ">
    <subfield code="c">VH</subfield>
    <subfield code="2">ddc</subfield>
  </datafield>
  <datafield tag="999" ind1=" " ind2=" ">
    <subfield code="c">108515</subfield>
    <subfield code="d">108515</subfield>
  </datafield>
  <datafield tag="952" ind1=" " ind2=" ">
    <subfield code="0">0</subfield>
    <subfield code="1">0</subfield>
    <subfield code="4">0</subfield>
    <subfield code="6">21620_000000000000000</subfield>
    <subfield code="7">1</subfield>
    <subfield code="a">SPICS</subfield>
    <subfield code="b">SPICS</subfield>
    <subfield code="d">2015-01-31</subfield>
    <subfield code="l">0</subfield>
    <subfield code="o">21620</subfield>
    <subfield code="r">2015-01-31 00:00:00</subfield>
    <subfield code="w">2015-01-31</subfield>
    <subfield code="y">VH</subfield>
    <subfield code="z">Progr. Ins.: 1416 / N.Vol.:1 / Copie: 1 / Pag.: / Copia rara: n.d. / date import: 1.2.2015 / By Epidotti, Trombetti, Vaglietti</subfield>
  </datafield>
</record>
